书目信息 |
| 题名: |
大学不迷茫
|
|
| 作者: | 李尚龙 著 | |
| 分册: | ||
| 出版信息: | 北京 九州出版社 2017 |
|
| 页数: | 224页 | |
| 开本: | 21cm | |
| 丛书名: | ||
| 单 册: | ||
| 中图分类: | G645.5 | |
| 科图分类: | ||
| 主题词: | 大学生--学生生活 | |
| 电子资源: | ||
| ISBN: | 978-7-5108-5671-6 | |
| 000 | 00750nam0 2200229 450 | |
| 001 | 012001005832 | |
| 005 | 20080820094407.0 | |
| 010 | @a978-7-5108-5671-6@dCNY38.90 | |
| 100 | @a20171222d2017 em y0chiy50 ea | |
| 101 | 0 | @achi |
| 102 | @aCN@b110000 | |
| 105 | @aa z 000yy | |
| 106 | @ar | |
| 200 | 1 | @a大学不迷茫@9da xue bu mi mang@f李尚龙著 |
| 210 | @a北京@c九州出版社@d2017 | |
| 215 | @a224页@c彩图@d21cm | |
| 330 | @a本书以故事加上理论的叙述方式,融合了关于梦想的5条定律、学历在人生中的作用、普通人如何获得爆发式成长等内容,全面解答大学恋爱、兼职、学习、社交等问题。 | |
| 606 | 0 | @a大学生@x学生生活 |
| 690 | @aG645.5@v5 | |
| 701 | 0 | @a李尚龙@9li shang long@4著 |
| 801 | 0 | @aCN@b上海新华@c20181010 |
| 905 | @b1168200-4@dG645.5@e1089@f5 | |
| 大学不迷茫/李尚龙著.-北京:九州出版社,2017 |
| 224页:彩图;21cm |
| ISBN 978-7-5108-5671-6:CNY38.90 |
| 本书以故事加上理论的叙述方式,融合了关于梦想的5条定律、学历在人生中的作用、普通人如何获得爆发式成长等内容,全面解答大学恋爱、兼职、学习、社交等问题。 |
| ● |
| 相关链接 |
|
|
|
|
正题名:大学不迷茫
索取号:G645.5/1089
 
预约/预借
| 序号 | 登录号 | 条形码 | 馆藏地/架位号 | 状态 | 备注 |
| 1 | 1168200 | 211682008 | 第一样本阅览室/ [索取号:G645.5/1089] | 在馆 | |
| 2 | 1168201 | 211682017 | 第四借阅区/ [索取号:G645.5/1089] | 在馆 | |
| 3 | 1168202 | 211682026 | 第四借阅区/ [索取号:G645.5/1089] | 在馆 | |
| 4 | 1168203 | 211682035 | 第四借阅区/ [索取号:G645.5/1089] | 在馆 | |
| 5 | 1168204 | 211682044 | 第四借阅区/ [索取号:G645.5/1089] | 在馆 |